000 00464nam a2200133 a 4500
008 120416s1969 ||||||||||||||||| || u
050 _aT 59.5 Tho
100 _aThomas, H. A
245 1 0 _aAutomation for management
260 _aLondon
_bGower Press
_c1969
300 _axxii, 266p. : ill
350 _a0.00
995 _D0.00
_FCBU-MAIN LIBRARY (Kitwe)
_H1
_I0.00
_M1
_UAVAILABLE
_ZMain Library Open Access Collection
999 _c35344
_d35344